Statistiken für Kennzeichen in Brandenburg

Klicken Sie hier um das Quiz zu spielen!

Allgemein

  • Dieses Quiz wurde 66 mal gespielt
    (14 seit der letzten Aktualisierung)
  • Das Durchschnittsergebnis liegt bei 23 aus 34

Antwortstatistiken

KennzeichenStadt% Korrekt
CBCottbus
100%
HVLHavelland
100%
OHVOberhavel
100%
PPotsdam
100%
BRBBrandenburg
91%
KWKönigs Wusterhausen
91%
NAUNauen
91%
BARBarnim
82%
PRPrignitz
82%
ANGAngermünde
73%
BERBernau
73%
CACalau
73%
FIFinsterwalde
73%
FFFrankfurt (Oder)
73%
GUBGuben
73%
EWEberswalde
64%
FORForst
64%
FWFürstenwalde
64%
KYKyritz
64%
NPNeuruppin
64%
SEESeelow
64%
SFBSenftenberg
64%
BSKBeeskow
55%
PZPrenzlau
55%
RNRathenow
55%
SDTSchwedt
55%
SPBSpremberg
55%
FRWBad Freienwalde
45%
LIBBad Liebenwerda
45%
LNLübben
45%
SRBStrausberg
45%
EHEisenhüttenstadt
36%
LCLuckau
36%
TPTemplin
36%

Verteilung der Resultate

Perzentil nach korrekt beantworteten Fragen

Anzahl Personen mit jedem Resultat

Ihre Resultats-Entwicklung

Sie haben dieses Quiz seit der letzten Aktualisierung nicht gespielt